00382nam a2200157Ia 4500003000500000008004100005020001800046040001900064082000700083100001600090245004400106260004100150300001000191365001100201546001200212STCL221019s9999 xx 000 0 und d a9780393343649 aSTCLcSTCLbEN 222 aBly, Robert 0aTalking into the ear of a donkey: Poems bW.W.Norton & CompanyaNew Yorkc2011 a107 p b912.34 aEnglish